Emegercy arten - Statistics

General Stats
  • This quiz has been taken 3 times
  • The average score is 8 of 15
Answer Stats
Hint Answer % Correct
sick docter
100%
Fire firefider
100%
Jail police
100%
open emegercy door
67%
help helper
67%
people kidnapper
67%
working worker
67%
jonathan ambelus
33%
trucks caa
33%
dying chock dend
33%
find Engeram
33%
fix getch
33%
senter hospidal
33%
thing robbor
33%
Eating senter
33%
No matching quizzes found
Score Distribution
Percent of People with Each Score
Percentile by Number Answered
Your Score History
You have not taken this quiz